|
|
|
|
| LEADER |
00602nam a2200169Ia 4500 |
| 008 |
140316s9999 xx 000 0 und d |
| 020 |
|
|
|
| 082 |
|
|
|a KAU
|b Research
|
| 100 |
|
|
|a KAU
|
| 245 |
|
|
|a Research programmes Approved in Fortyeighth, Fortynineth and Fiftieth meetings of Faculty Research Committee 1995 and 1996
|
| 260 |
|
|
|c 1996
|
| 300 |
|
|
|a 13
|
| 650 |
|
|
|a Faculty of agriculture
|
| 650 |
|
|
|a Kerala Agricultural University
|
| 942 |
|
|
|2 ddc
|c BK
|
| 999 |
|
|
|c 14060
|d 14060
|
| 952 |
|
|
|0 0
|1 0
|2 ddc
|4 0
|6 KAU_RESEARCH
|7 0
|9 15310
|a KAUCLV
|b KAUCLV
|c GENERAL
|d 2014-03-18
|o KAU Research
|p 801337
|r 2014-03-18
|w 2014-03-18
|y BK
|